000 00246nam a22001097a 4500
008 170111b xxu||||| |||| 00| 0 eng d
020 _a9780470457962
041 _aeng
080 _a618.2
245 _aEDUCATING NURSES
_cBENNER, P
942 _2udc
_cBK
999 _c2724
_d2724